Selekcjonerzy-Medaliści Mundiali i Euro od 2010 - Statystyki

Ogólne statystyki
  • Ten quiz został rozwiązany 109 razy
  • Średni wynik to 16 z 24
Statystyki odpowiedzi
Turniej Reprezentacja Selekcjoner % Poprawnych
MŚ 2010 Niemcy Joachim Low
95%
Euro 2012 Niemcy Joachim Low
95%
MŚ 2014 Niemcy Joachim Low
95%
Euro 2016 Niemcy Joachim Low
95%
Euro 2016 Portugalia Fernando Santos
94%
Euro 2016 Francja Didier Deschamps
90%
MŚ 2018 Francja Didier Deschamps
90%
MŚ 2022 Francja Didier Deschamps
90%
MŚ 2010 Hiszpania Vicente del Bosque
82%
Euro 2012 Hiszpania Vicente del Bosque
82%
Euro 2020 Anglia Gareth Southgate
78%
MŚ 2018 Belgia Roberto Martinez
76%
Euro 2020 Włochy Roberto Mancini
74%
MŚ 2014 Holandia Louis van Gaal
71%
Euro 2020 Hiszpania Luis Enrique
70%
MŚ 2022 Argentyna Lionel Scaloni
62%
MŚ 2018 Chorwacja Zlatko Dalic
61%
MŚ 2022 Chorwacja Zlatko Dalic
61%
Euro 2012 Włochy Cesare Prandelli
28%
Euro 2012 Portugalia Paulo Bento
28%
MŚ 2010 Holandia Bert van Marwijk
24%
MŚ 2014 Argentyna Alejandro Sabella
21%
Euro 2020 Dania Kasper Hjulmand
17%
Euro 2016 Walia Chris Coleman
6%
Nie znaleziono quizów pasujących do podanych kryteriów
Rozkład punktacji
Procent ludzi z każdym wynikiem
Percentyl według liczby udzielonych odpowiedzi
Twoja historia wyników
Nie rozwiązałeś tego quizu